[Event "Santander op"]
[Site "Santander"]
[Date "2011.12.22"]
[Round "9"]
[White "Torres, Victor"]
[Black "Perez Javaloyes, Andres Carlos"]
[Result "1-0"]
[WhiteElo "1775"]
[BlackElo "1600"]
[PlyCount "127"]
[EventDate "2011.12.17"]
[EventType "swiss"]
[EventRounds "9"]
[EventCountry "COL"]
[SourceTitle "CBM 146 Extra"]
[Source "ChessBase"]
[SourceDate "2012.02.29"]
[SourceVersion "1"]
[SourceVersionDate "2012.02.29"]
[SourceQuality "1"]

1. e4 c5 2. Nf3 a6 3. Nc3 e6 4. d4 cxd4 5. Nxd4 Qc7 6. Be3 Nf6 7. Be2 Bb4 8. Qd3 d5 9. f3 e5 10. 0-0 exd4 11. Bxd4 dxe4 12. fxe4 Be6 13. e5 Nfd7 14. Ne4 Nxe5 15. Qg3 Nbd7 16. c3 Bf8 17. Ng5 0-0-0 18. Rae1 Bd6 19. Qe3 Rdf8 20. a4 Bc4 21. b4 f5 22. a5 h6 23. Nf3 Bxe2 24. Qxe2 Nc4 25. Bxg7 b5 26. axb6 Ndxb6 27. Bxh8 Rxh8 28. h3 f4 29. Nd4 Qb7 30. Nf5 Bc7 31. Rf3 Kb8 32. Rd3 Ka7 33. Rd4 Rg8 34. Qe4 Qxe4 35. Rexe4 f3 36. Rxc4 Rxg2+ 37. Kf1 Nxc4 38. Rxc4 Bb6 39. Nd4 Rg3 40. h4 Rh3 41. Kf2 Kb7 42. h5 Bxd4+ 43. cxd4 Rxh5 44. Kxf3 Rg5 45. Kf4 Rd5 46. Ke4 Rg5 47. Rc3 Rg1 48. d5 Rg4+ 49. Ke5 Rxb4 50. d6 Rb1 51. d7 Re1+ 52. Kd6 Rd1+ 53. Ke6 Re1+ 54. Kd6 Rd1+ 55. Ke7 Re1+ 56. Kd8 h5 57. Rc7+ Kb8 58. Rc6 Kb7 59. Rh6 Re5 60. Rh7 Rg5 61. Re7 Rg8+ 62. Re8 Rg7 63. Rh8 Rg5 64. Ke7 1-0